Normal view
MARC view
- Frankin and Andrews Ltd.
Entry Corporate Name
001 - CONTROL NUMBER
- control field: 4847
003 - CONTROL NUMBER IDENTIFIER
- control field: SIRSI
005 - DATE AND TIME OF LATEST TRANSACTION
- control field: 20190806150237.0
008 - FIXED-LENGTH DATA ELEMENTS
- fixed length control field: 051223n| aaannaabn |n ana d
040 ## - CATALOGING SOURCE
- Original cataloging agency: OSt
- Transcribing agency: OSt
110 2# - HEADING--CORPORATE NAME
- Corporate name or jurisdiction name as entry element: Frankin and Andrews Ltd.
670 ## - SOURCE DATA FOUND
- Source citation: Spon's railways and construction price book, 2003